Calculus / (Record no. 1247)

MARC details
000 -LEADER
fixed length control field 00925nac a22002771i 4500
003 - CONTROL NUMBER IDENTIFIER
control field EG-ScBUE
005 - DATE AND TIME OF LATEST TRANSACTION
control field 20241001100023.0
008 - FIXED-LENGTH DATA ELEMENTS--GENERAL INFORMATION
fixed length control field 241001t1992 txua f 001 0 eng d
020 ## - INTERNATIONAL STANDARD BOOK NUMBER
International Standard Book Number 0030964202
020 ## - INTERNATIONAL STANDARD BOOK NUMBER
International Standard Book Number 9780030964206
040 ## - CATALOGING SOURCE
Original cataloging agency EG-ScBUE
Language of cataloging eng
Description conventions rda
Transcribing agency EG-ScBUE
Modifying agency EG-ScBUE
082 04 - DEWEY DECIMAL CLASSIFICATION NUMBER
Classification number 515
Item number GRO
Edition number 22
100 1# - MAIN ENTRY--PERSONAL NAME
Personal name Grossman, Stanley I.,
Relator term author.
245 10 - TITLE STATEMENT
Title Calculus /
Statement of responsibility, etc Stanley I. Grossman, University of Montana and University College London.
250 ## - EDITION STATEMENT
Edition statement Fifth edition.
264 #1 - PUBLICATION, DISTRIBUTION, ETC. (IMPRINT)
Place of publication, distribution, etc Forth Worth :
Name of publisher, distributor, etc Saunders College Publishing :
-- Harcourt Brace College Publishers,
Date of publication, distribution, etc [1992]
264 #4 - PUBLICATION, DISTRIBUTION, ETC. (IMPRINT)
Date of publication, distribution, etc c1992
300 ## - PHYSICAL DESCRIPTION
Extent xx, 1077, [164] pages :
Other physical details illustrations (some color) ;
Dimensions 27 cm
336 ## - CONTENT TYPE
Source rdacontent
Content type term text
Content type code txt
337 ## - MEDIA TYPE
Media type term unmediated
Source rdamedia
Media type code n
338 ## - CARRIER TYPE
Carrier type term volume
Carrier type code nc
Source rdacarrier
500 ## - GENERAL NOTE
General note Includes index.
650 #7 - SUBJECT ADDED ENTRY--TOPICAL TERM
Topical term or geographic name as entry element Calculus.
Source of heading or term BUEsh
655 ## - INDEX TERM--GENRE/FORM
Form subdivision Reading book
942 ## - ADDED ENTRY ELEMENTS (KOHA)
Koha item type Book - Borrowing
Source of classification or shelving scheme Dewey Decimal Classification
Holdings
Withdrawn status Lost status Source of classification or shelving scheme Damaged status Not for loan Collection code Home library Current library Shelving location Date acquired Source of acquisition Total Checkouts Full call number Barcode Date last seen Price effective from Koha item type Total Renewals Date checked out
    Dewey Decimal Classification     Baccah Central Library Central Library First floor 29/08/2006 Purchase   515 GRO 000003235 15/07/2025 29/08/2006 Book - Borrowing    
    Dewey Decimal Classification     Baccah Central Library Central Library First floor 29/08/2006 Purchase 3 515 GRO 000003234 15/07/2025 29/08/2006 Book - Borrowing 2 05/01/2011
    Dewey Decimal Classification     Baccah Central Library Central Library First floor 29/08/2006 Purchase   515 GRO 000005349 15/07/2025 04/09/2007 Book - Borrowing